Dog Breeds By Picture (Easy) - Statistics

General Stats
  • This quiz has been taken 65 times
  • The average score is 10 of 12
Answer Stats
Picture Answer % Correct
Siberian Husky
98%
Bulldog
96%
Poodle
96%
Labrador Retriever
94%
German Shepherd
92%
Beagle
90%
Great Dane
87%
Pembroke Welsh Corgi
87%
Rottweiler
87%
Doberman Pinscher
79%
Greyhound
75%
Boxer
65%
No matching quizzes found
Score Distribution
Percent of People with Each Score
Percentile by Number Answered
Your Score History
You have not taken this quiz